Ferritic steels for high-temperature applications : (Record no. 70673)
[ view plain ]
| 000 -LEADER | |
|---|---|
| fixed length control field | 01115nam a2200265 a 4500 |
| 001 - CONTROL NUMBER | |
| control field | 445618 |
| 003 - CONTROL NUMBER IDENTIFIER | |
| control field | NUST - PNEC |
| 005 - DATE AND TIME OF LATEST TRANSACTION | |
| control field | 20170116181145.0 |
| 008 - FIXED-LENGTH DATA ELEMENTS--GENERAL INFORMATION | |
| fixed length control field | 830901s1983 ohua b 100 0 eng |
| 010 ## - LIBRARY OF CONGRESS CONTROL NUMBER | |
| LC control number | 82073608 |
| 020 ## - INTERNATIONAL STANDARD BOOK NUMBER | |
| International Standard Book Number | 0871701537 |
| 040 ## - CATALOGING SOURCE | |
| Transcribing agency | LIBRARY |
| 050 00 - LIBRARY OF CONGRESS CALL NUMBER | |
| Classification number | TA479.S7 |
| Item number | A76 1981 |
| 082 00 - DEWEY DECIMAL CLASSIFICATION NUMBER | |
| Classification number | 672.3 KHA |
| Edition number | 19 |
| 100 ## - MAIN ENTRY--PERSONAL NAME | |
| 9 (RLIN) | 14950 |
| Personal name | Khare, Ashok K. |
| 245 10 - TITLE STATEMENT | |
| Title | Ferritic steels for high-temperature applications : |
| Remainder of title | proceedings of an ASM International Conference on Production, Fabrication, Properties, and Application of Ferritic Steels for High-Temperature Applications, Warren, Pennsylvania, 6-8 October 1981 / |
| Statement of responsibility, etc. | sponsored by ASM N.W. Pennsylvania Chapter and ASM Technical Divisions ; edited by Ashok K. Khare. |
| 260 ## - PUBLICATION, DISTRIBUTION, ETC. | |
| Place of publication, distribution, etc. | Metals Park, Ohio : |
| Name of publisher, distributor, etc. | American Society for Metals, |
| Date of publication, distribution, etc. | c1983. |
| 300 ## - PHYSICAL DESCRIPTION | |
| Extent | x, 334 p. : |
| Other physical details | ill. ; |
| Dimensions | 24 cm. |
| 650 #0 - SUBJECT ADDED ENTRY--TOPICAL TERM | |
| Topical term or geographic name entry element | Ferritic steel |
| General subdivision | ME |
| 700 1# - ADDED ENTRY--PERSONAL NAME | |
| Personal name | Khare, Ashok K. |
| 710 2# - ADDED ENTRY--CORPORATE NAME | |
| Corporate name or jurisdiction name as entry element | American Society for Metals. |
| Subordinate unit | N.W. Pennsylvania Chapter. |
| 710 2# - ADDED ENTRY--CORPORATE NAME | |
| Corporate name or jurisdiction name as entry element | American Society for Metals. |
| 906 ## - LOCAL DATA ELEMENT F, LDF (RLIN) | |
| a | 7 |
| b | cbc |
| c | orignew |
| d | 2 |
| e | opcn |
| f | 19 |
| g | y-gencatlg |
| 942 ## - ADDED ENTRY ELEMENTS (KOHA) | |
| Source of classification or shelving scheme | |
| Koha item type | Book |
| Withdrawn status | Lost status | Source of classification or shelving scheme | Damaged status | Not for loan | Permanent Location | Current Location | Shelving location | Date acquired | Total Checkouts | Full call number | Barcode | Date last seen | Price effective from | Koha item type |
|---|---|---|---|---|---|---|---|---|---|---|---|---|---|---|
| Pakistan Navy Engineering College (PNEC) | Pakistan Navy Engineering College (PNEC) | 672.3 KHA | PNECLIB-006475 | 10/12/2015 | Book |
